| 000 | 01061nam0a22002651 4500 | ||
|---|---|---|---|
| 001 | rc\900031 | ||
| 005 | 20041129094343.9 | ||
| 035 | _a(NLR Aleph) 006075773 | ||
| 090 |
_a5045828 _c5045828 |
||
| 100 | _a20041129d1984 u |0rusy50 ca | ||
| 101 | 0 | _arus | |
| 102 | _aRU | ||
| 105 | _aa ||||||||| | ||
| 200 | 1 | _aОпыт работы Андрушевского спиртового завода | |
| 210 |
_aМ. _cЦНИИТЭИпищепром _d1984 |
||
| 215 |
_a19 с. _cил. _d20 |
||
| 225 | 1 |
_aПищевая промышленность _hСерия 24 _iСпиртовая и ликеро-водочная промышленность _eОбзор. информ. _fЦНИИ информ. и техн.-экон. исслед. пищ. пром-сти _vВып. 9 |
|
| 300 | _aАвт. указан на 2 с. обл. | ||
| 300 | _aВ надзаг. также: М-во пищ. пром-сти СССР | ||
| 700 | 1 |
_aПташник _bВ. В. |
|
| 801 | 0 |
_aRU _bNLR _gpsbo |
|
| 801 | 1 |
_aRU _bELAR _2rusmarc |
|
| 852 |
_aNLR _jП10/5613 |
||
| 942 | _cBOOK | ||
| 980 | _aNB | ||